000 01066cam a2200289 i 4500
001 17816216
003 PILC
005 20150601093512.0
008 130717s2012 ne a b 001 0 eng
010 _a 2013431018
020 _a9780123821690
040 _aDLC
_beng
_cDLC
_erda
_dDLC
042 _apcc
050 0 0 _aRA 1148
_b.Sh557 2012
082 0 0 _a614/.15
100 1 _aShipley, Stacey L.
245 1 0 _aIntroduction to forensic psychology :
_bcourt, law enforcement, and correctional practices /
_cStacey L. Shipley, North Texas Hospital, Wichita Falls, TX, USA, Bruce A. Arrigo, University of North Carolina, Charlotte, NC, USA.
250 _aThird edition.
260 _aNY :
_bElsevier,
_c2012.
300 _axxiii, 696 pages :
_billustratios ;
_c24 cm
500 _aIncludes bibliographical references (pages 615-679) and index.
650 0 _aForensic psychology.
700 1 _aArrigo, Bruce A.
906 _a7
_bcbc
_corigcop
_d2
_encip
_f20
_gy-gencatlg
942 _2lcc
_cBK
_kFOR
999 _c284541
_d284541